<?xml version="1.0" encoding="UTF-8"?>
<marc:record xmlns:marc="http://www.loc.gov/MARC21/slim" xmlns:xsi="http://www.w3.org/2001/XMLSchema-instance" xsi:schemaLocation="http://www.loc.gov/MARC21/slim http://www.loc.gov/standards/marcxml/schema/MARC21slim.xsd">
  <marc:leader>05054nam  22005652  4500</marc:leader>
  <marc:controlfield tag="001">f8247f73-0f29-4090-9cfb-92d7d600d9d8</marc:controlfield>
  <marc:controlfield tag="006">m     o  d        </marc:controlfield>
  <marc:controlfield tag="007">cr  n         </marc:controlfield>
  <marc:controlfield tag="008">260407t20232023        ob    000 0 eng d</marc:controlfield>
  <marc:datafield tag="020" ind1="\" ind2="\">
    <marc:subfield code="z">9781909890848</marc:subfield>
    <marc:subfield code="q">(Paperback)</marc:subfield>
  </marc:datafield>
  <marc:datafield tag="020" ind1="\" ind2="\">
    <marc:subfield code="a">9781909890855</marc:subfield>
    <marc:subfield code="q">(PDF)</marc:subfield>
  </marc:datafield>
  <marc:datafield tag="020" ind1="\" ind2="\">
    <marc:subfield code="a">9781909890862</marc:subfield>
    <marc:subfield code="q">(Epub)</marc:subfield>
  </marc:datafield>
  <marc:datafield tag="020" ind1="\" ind2="\">
    <marc:subfield code="a">9781909890879</marc:subfield>
    <marc:subfield code="q">(Mobi)</marc:subfield>
  </marc:datafield>
  <marc:datafield tag="024" ind1="7" ind2="\">
    <marc:subfield code="a">10.31389/lsepress.dlg</marc:subfield>
    <marc:subfield code="2">doi</marc:subfield>
  </marc:datafield>
  <marc:datafield tag="040" ind1="\" ind2="\">
    <marc:subfield code="a">UkCbTOM</marc:subfield>
    <marc:subfield code="b">eng</marc:subfield>
    <marc:subfield code="e">local</marc:subfield>
  </marc:datafield>
  <marc:datafield tag="050" ind1="0" ind2="0">
    <marc:subfield code="a">Public administration</marc:subfield>
  </marc:datafield>
  <marc:datafield tag="072" ind1=" " ind2="7">
    <marc:subfield code="a">JPRB</marc:subfield>
    <marc:subfield code="2">bicssc</marc:subfield>
  </marc:datafield>
  <marc:datafield tag="072" ind1=" " ind2="7">
    <marc:subfield code="a">JPP</marc:subfield>
    <marc:subfield code="2">bicssc</marc:subfield>
  </marc:datafield>
  <marc:datafield tag="072" ind1=" " ind2="7">
    <marc:subfield code="a">JKS</marc:subfield>
    <marc:subfield code="2">bicssc</marc:subfield>
  </marc:datafield>
  <marc:datafield tag="072" ind1=" " ind2="7">
    <marc:subfield code="a">POL017000</marc:subfield>
    <marc:subfield code="2">bisacsh</marc:subfield>
  </marc:datafield>
  <marc:datafield tag="072" ind1=" " ind2="7">
    <marc:subfield code="a">POL028000</marc:subfield>
    <marc:subfield code="2">bisacsh</marc:subfield>
  </marc:datafield>
  <marc:datafield tag="072" ind1=" " ind2="7">
    <marc:subfield code="a">POL048000</marc:subfield>
    <marc:subfield code="2">bisacsh</marc:subfield>
  </marc:datafield>
  <marc:datafield tag="072" ind1=" " ind2="7">
    <marc:subfield code="a">JPRB</marc:subfield>
    <marc:subfield code="2">thema</marc:subfield>
  </marc:datafield>
  <marc:datafield tag="072" ind1=" " ind2="7">
    <marc:subfield code="a">JPP</marc:subfield>
    <marc:subfield code="2">thema</marc:subfield>
  </marc:datafield>
  <marc:datafield tag="072" ind1=" " ind2="7">
    <marc:subfield code="a">JKS</marc:subfield>
    <marc:subfield code="2">thema</marc:subfield>
  </marc:datafield>
  <marc:datafield tag="245" ind1="0" ind2="0">
    <marc:subfield code="a">Decentralised Governance :</marc:subfield>
    <marc:subfield code="b">Crafting effective democracies around the world /</marc:subfield>
    <marc:subfield code="c">edited by Jean-Paul Faguet, Sarmistha Pal.</marc:subfield>
  </marc:datafield>
  <marc:datafield tag="264" ind1="\" ind2="1">
    <marc:subfield code="a">London :</marc:subfield>
    <marc:subfield code="b">LSE Press,</marc:subfield>
    <marc:subfield code="c">2023.</marc:subfield>
  </marc:datafield>
  <marc:datafield tag="264" ind1="\" ind2="4">
    <marc:subfield code="c">©2023</marc:subfield>
  </marc:datafield>
  <marc:datafield tag="300" ind1="\" ind2="\">
    <marc:subfield code="a">1 online resource (390 pages).</marc:subfield>
  </marc:datafield>
  <marc:datafield tag="336" ind1="\" ind2="\">
    <marc:subfield code="a">text</marc:subfield>
    <marc:subfield code="b">txt</marc:subfield>
    <marc:subfield code="2">rdacontent</marc:subfield>
  </marc:datafield>
  <marc:datafield tag="337" ind1="\" ind2="\">
    <marc:subfield code="a">computer</marc:subfield>
    <marc:subfield code="b">c</marc:subfield>
    <marc:subfield code="2">rdamedia</marc:subfield>
  </marc:datafield>
  <marc:datafield tag="338" ind1="\" ind2="\">
    <marc:subfield code="a">online resource</marc:subfield>
    <marc:subfield code="b">cr</marc:subfield>
    <marc:subfield code="2">rdacarrier</marc:subfield>
  </marc:datafield>
  <marc:datafield tag="500" ind1="\" ind2="\">
    <marc:subfield code="a">Available through LSE Press.</marc:subfield>
  </marc:datafield>
  <marc:datafield tag="505" ind1="0" ind2="\">
    <marc:subfield code="a">1. Decentralised governance: crafting effective democracies around the world2. Understanding decentralisation: theory, evidence, and practice3. Decentralised targeting of transfer programmes: a reassessment4. Realising the promise of partial decentralisation5. Devolution under autocracy: evidence from Pakistan6. Social fragmentation, public goods, and local elections: evidence from China7. How does fiscal decentralisation affect local polities? Evidence from local communities in Indonesia8. Can parliamentary sanctions strengthen local political accountability? Evidence from Kenya9. Centralised versus decentralised monitoring in developing countries: a survey of recent research10. Subnational governance in Ghana: a comparative assessment of data and performance11. Birth registration, child rights, and local governance in Bangladesh12. Administrative decentralisation and its impacts on educational expenditure and student outcomes: evidence from Colombia</marc:subfield>
  </marc:datafield>
  <marc:datafield tag="506" ind1="0" ind2="\">
    <marc:subfield code="a">Open Access</marc:subfield>
    <marc:subfield code="f">Unrestricted online access</marc:subfield>
    <marc:subfield code="2">star</marc:subfield>
  </marc:datafield>
  <marc:datafield tag="520" ind1="\" ind2="\">
    <marc:subfield code="a">For developing countries, decentralising power from central government to local authorities holds the promise of deepening democracy, empowering citizens, improving public services and boosting economic growth. But the evidence on when and how decentralisation can bring these benefits has been mixed. Under the wrong conditions, decentralised power can be captured by unrepresentative elites or undermined by corruption and the clientelistic distribution of public resources. The picture is complex, and we still do not understand enough about what factors can contribute to creating better local government, and to what effect. Decentralised Governance brings together a new generation of political economy studies that explore these questions analytically, blending theoretical insights with empirical innovation. Individual chapters provide fresh evidence from around the world, including broad cross-country data as well as detailed studies of Bangladesh, India, Pakistan, China, Indonesia, Ghana, Kenya and Colombia. They investigate the pros and cons of decentralisation in both democratic and autocratic regimes, and the effects of critical factors such as advances in technology, citizen-based data systems, political entrepreneurship in ethnically diverse societies, and reforms aimed at improving transparency and monitoring.This wide-ranging volume examines the conditions under which devolving power can intensify democratic competition, boost transparency, and improve local governance, providing examples of good and bad practice in both. It is essential reading for researchers investigating decentralised governance, development and democratisation, and for policymakers and practitioners drawing lessons for future reforms.</marc:subfield>
  </marc:datafield>
  <marc:datafield tag="538" ind1="\" ind2="\">
    <marc:subfield code="a">Mode of access: World Wide Web.</marc:subfield>
  </marc:datafield>
  <marc:datafield tag="540" ind1="\" ind2="\">
    <marc:subfield code="a">The text of this book is licensed under a Creative Commons Attribution 4.0 International license (CC BY 4.0). For more detailed information consult the publisher's website.</marc:subfield>
    <marc:subfield code="u">https://creativecommons.org/licenses/by/4.0/</marc:subfield>
  </marc:datafield>
  <marc:datafield tag="588" ind1="0" ind2="\">
    <marc:subfield code="a">Metadata licensed under CC0 Public Domain Dedication.</marc:subfield>
  </marc:datafield>
  <marc:datafield tag="653" ind1="\" ind2="\">
    <marc:subfield code="a">Decentralisation</marc:subfield>
  </marc:datafield>
  <marc:datafield tag="653" ind1="\" ind2="\">
    <marc:subfield code="a">Government</marc:subfield>
  </marc:datafield>
  <marc:datafield tag="653" ind1="\" ind2="\">
    <marc:subfield code="a">Local Government</marc:subfield>
  </marc:datafield>
  <marc:datafield tag="653" ind1="\" ind2="\">
    <marc:subfield code="a">Democracy</marc:subfield>
  </marc:datafield>
  <marc:datafield tag="653" ind1="\" ind2="\">
    <marc:subfield code="a">Global South</marc:subfield>
  </marc:datafield>
  <marc:datafield tag="700" ind1="1" ind2="\">
    <marc:subfield code="a">Faguet, Jean-Paul,</marc:subfield>
    <marc:subfield code="e">editor.</marc:subfield>
    <marc:subfield code="u">The London School of Economics and Political Science.</marc:subfield>
    <marc:subfield code="0">(orcid)0000000271880098</marc:subfield>
    <marc:subfield code="1">https://orcid.org/0000-0002-7188-0098</marc:subfield>
  </marc:datafield>
  <marc:datafield tag="700" ind1="1" ind2="\">
    <marc:subfield code="a">Pal, Sarmistha,</marc:subfield>
    <marc:subfield code="e">editor.</marc:subfield>
    <marc:subfield code="u">University of Surrey.</marc:subfield>
    <marc:subfield code="0">(orcid)0000000222254429</marc:subfield>
    <marc:subfield code="1">https://orcid.org/0000-0002-2225-4429</marc:subfield>
  </marc:datafield>
  <marc:datafield tag="710" ind1="2" ind2="\">
    <marc:subfield code="a">LSE Press,</marc:subfield>
    <marc:subfield code="e">publisher.</marc:subfield>
  </marc:datafield>
  <marc:datafield tag="856" ind1="4" ind2="0">
    <marc:subfield code="u">https://doi.org/10.31389/lsepress.dlg</marc:subfield>
    <marc:subfield code="z">Connect to e-book</marc:subfield>
  </marc:datafield>
  <marc:datafield tag="856" ind1="4" ind2="2">
    <marc:subfield code="u">https://books.press.lse.ac.uk/10.31389/lsepress.dlg_frontcover.jpg</marc:subfield>
    <marc:subfield code="z">Connect to cover image</marc:subfield>
  </marc:datafield>
  <marc:datafield tag="856" ind1="4" ind2="2">
    <marc:subfield code="u">https://creativecommons.org/publicdomain/zero/1.0/</marc:subfield>
    <marc:subfield code="z">CC0 Metadata License</marc:subfield>
  </marc:datafield>
</marc:record>